[Event "Robert-Mayer-Gym. Heilbronn-Bismarckschu"]
[Site "Verden/Aller"]
[Date "2011.05.14"]
[Round "2.2"]
[White "Zuferi, Enis"]
[Black "Kossinz, Alex"]
[Result "1-0"]
[WhiteElo "2061"]
[BlackElo "1687"]
[PlyCount "67"]
[EventDate "2011.??.??"]
[WhiteTeam "Robert-Mayer-Gym. Heilbronn"]
[BlackTeam "Bismarckschule Elmshorn"]

1. d4 Nf6 2. c4 g6 3. Nc3 Bg7 4. e4 d6 5. f3 O-O 6. Be3 e5 7. Nge2 Nc6 8. d5
Ne7 9. Qd2 c6 10. dxc6 bxc6 11. O-O-O Ne8 12. c5 d5 13. exd5 cxd5 14. Nxd5 Nxd5
15. Qxd5 Qxd5 16. Rxd5 Be6 17. Rd2 Bxa2 18. b4 Be6 19. Nc3 Nc7 20. Be2 Rfd8 21.
Rhd1 Rxd2 22. Rxd2 a6 23. Rd6 Bf8 24. Rc6 Ra7 25. Rb6 Be7 26. c6 Ra8 27. Rb7
Bd8 28. Bb6 Rc8 29. Bxc7 Bxc7 30. Bxa6 Kf8 31. Nb5 Bd8 32. c7 Bg5+ 33. Kb1 Ke7
34. Rb8 1-0

[Event "Robert-Mayer-Gym. Heilbronn-Bismarckschu"]
[Site "Verden/Aller"]
[Date "2011.05.14"]
[Round "2.3"]
[White "Böge, Julian"]
[Black "Samietz, Jannick"]
[Result "0-1"]
[WhiteElo "1532"]
[BlackElo "1412"]
[PlyCount "40"]
[EventDate "2011.??.??"]
[WhiteTeam "Bismarckschule Elmshorn"]
[BlackTeam "Robert-Mayer-Gym. Heilbronn"]

1. e4 d5 2. exd5 Qxd5 3. Nc3 Qd6 4. d4 Nf6 5. Nf3 c6 6. Bc4 e6 7. Be3 Nbd7 8.
Qd2 Nb6 9. Bb3 Qc7 10. O-O-O Bb4 11. Ne5 Nbd5 12. f4 Ne4 13. Qe2 Nexc3 14. bxc3
Nxc3 15. Qg4 Qa5 16. a4 Ba3+ 17. Kd2 Nxd1+ 18. Kxd1 g6 19. h4 h5 20. Qf3 Bd6 {
Partie nicht weiter rekonstruierbar!} 0-1

[Event "Robert-Mayer-Gym. Heilbronn-Bismarckschu"]
[Site "Verden/Aller"]
[Date "2011.05.14"]
[Round "2.4"]
[White "Paul, Moritz"]
[Black "Xia, Yuting"]
[Result "1-0"]
[WhiteElo "924"]
[BlackElo "800"]
[PlyCount "32"]
[EventDate "2011.??.??"]
[WhiteTeam "Robert-Mayer-Gym. Heilbronn"]
[BlackTeam "Bismarckschule Elmshorn"]

1. e4 e5 2. Nf3 Nc6 3. Bb5 Bb4 4. c3 Ba5 5. O-O Nge7 6. d4 exd4 7. cxd4 d6 8.
d5 O-O 9. dxc6 bxc6 10. Bf4 Ng6 11. Bd2 Bg4 12. Bxa5 Nh4 13. Nbd2 Nxf3+ 14.
Nxf3 Bxf3 15. Qxf3 Rb8 16. b3 d5 1-0

[Event "Deutsch-französ. Gym. Freiburg-Stadtgymn"]
[Site "Verden/Aller"]
[Date "2011.05.14"]
[Round "2.1"]
[White "Finke, Kai"]
[Black "Muheim, Sebastien"]
[Result "0-1"]
[WhiteElo "1837"]
[BlackElo "2099"]
[PlyCount "78"]
[EventDate "2011.??.??"]
[WhiteTeam "Stadtgymnasium Köln-Porz"]
[BlackTeam "Deutsch-französ. Gym. Freiburg"]

1. d4 f5 2. c4 Nf6 3. Nf3 g6 4. g3 Bg7 5. Bg2 O-O 6. O-O d6 7. d5 a5 8. Nc3 Na6
9. Be3 Bd7 10. h3 h6 11. Qd2 Kh7 12. Rab1 Qc8 13. Kh2 g5 14. Nd4 Nc5 15. Qc2
Kh8 16. f4 g4 17. h4 c6 18. Bg1 Qe8 19. e4 fxe4 20. Nxe4 Ncxe4 21. Bxe4 cxd5
22. cxd5 Rc8 23. Qd3 Nxe4 24. Qxe4 Rc4 25. Qd3 Bb5 26. Nxb5 Qxb5 27. b3 Rc5 28.
Qxb5 Rxb5 29. Rbd1 Rf5 30. Bd4 Rbxd5 31. Bxg7+ Kxg7 32. Kg2 Kf6 33. Kf2 Rxd1
34. Rxd1 Rc5 35. Rd2 Rc3 36. Rb2 d5 37. Rd2 e6 38. Re2 Rf3+ 39. Kg2 d4 0-1

[Event "Deutsch-französ. Gym. Freiburg-Stadtgymn"]
[Site "Verden/Aller"]
[Date "2011.05.14"]
[Round "2.2"]
[White "Schell, Felix"]
[Black "Sabirov, Ramil"]
[Result "1/2-1/2"]
[WhiteElo "1723"]
[BlackElo "1739"]
[PlyCount "67"]
[EventDate "2011.??.??"]
[WhiteTeam "Deutsch-französ. Gym. Freiburg"]
[BlackTeam "Stadtgymnasium Köln-Porz"]

1. e4 c5 2. Nf3 e6 3. c4 d6 4. Nc3 Nf6 5. d4 cxd4 6. Nxd4 a6 7. Be3 Nbd7 8. Be2
Be7 9. O-O O-O 10. Qc2 Qc7 11. Rac1 b6 12. Rfd1 Bb7 13. f3 Rac8 14. Nb3 Rfd8
15. Bd4 Nc5 16. Nxc5 dxc5 17. Bf2 Bd6 18. g3 Be5 19. Bf1 Bxc3 20. Qxc3 e5 21.
a3 Nd7 22. Rd2 Nf8 23. Rcd1 Ne6 24. Bh3 Rxd2 25. Rxd2 Re8 26. Bxe6 Rxe6 27. Be3
f6 28. Qd3 Kf7 29. Qd7+ Qxd7 30. Rxd7+ Re7 31. Rd6 Re6 32. Rd7+ Re7 33. Rd6 Re6
34. Rd7+ 1/2-1/2

[Event "Deutsch-französ. Gym. Freiburg-Stadtgymn"]
[Site "Verden/Aller"]
[Date "2011.05.14"]
[Round "2.3"]
[White "Krause, Johann"]
[Black "Hansen, Oliver"]
[Result "1-0"]
[WhiteElo "1608"]
[BlackElo "1538"]
[PlyCount "74"]
[EventDate "2011.??.??"]
[WhiteTeam "Stadtgymnasium Köln-Porz"]
[BlackTeam "Deutsch-französ. Gym. Freiburg"]

1. e3 d5 2. c4 c6 3. Nc3 Nf6 4. cxd5 cxd5 5. Nf3 Nc6 6. Qb3 e6 7. Bb5 Bd7 8.
Bxc6 Bxc6 9. Ne5 Qc7 10. d4 Bd6 11. f4 a6 12. O-O Nd7 13. Qd1 Nxe5 14. fxe5 Be7
15. Bd2 O-O 16. Qg4 Qb6 17. b3 Bd7 18. Rf3 f5 19. Qg3 Qd8 20. Raf1 Bh4 21. Qh3
Qg5 22. g3 Bxg3 23. Rxg3 Qe7 24. Kh1 g5 25. Qh6 g4 26. h3 Kh8 27. Ne2 Bb5 28.
Nf4 Rg8 29. Rfg1 Rg5 30. Qxe6 Qxe6 31. Nxe6 Rh5 32. Nf4 Rh6 33. a4 Be2 34. Kg2
gxh3+ 35. Rxh3 Rg8+ 36. Kf2 Rb6 37. Rxg8+ Kxg8 1-0

[Event "Matthias-Claudius-Gymnasium-Louise Henri"]
[Site "Verden/Aller"]
[Date "2011.05.14"]
[Round "2.1"]
[White "Eichler, Jan-Christoph"]
[Black "Xin, Ruidi"]
[Result "1-0"]
[WhiteElo "1759"]
[BlackElo "1694"]
[PlyCount "67"]
[EventDate "2011.??.??"]
[WhiteTeam "Louise Henriette Gym Oranienburg"]
[BlackTeam "Matthias-Claudius-Gymnasium"]

1. d4 Nf6 2. c4 g6 3. Nc3 Bg7 4. e4 d6 5. Be2 O-O 6. f4 c6 7. Nf3 Qc7 8. O-O
Rd8 9. Qe1 Ne8 10. Qh4 f5 11. e5 Nd7 12. Qxe7 Bf8 13. Qh4 dxe5 14. fxe5 Nb6 15.
Bg5 Be6 16. Bxd8 Rxd8 17. b3 Kg7 18. g4 Be7 19. Ng5 Bxg5 20. Qxg5 Qd7 21. Rad1
fxg4 22. d5 cxd5 23. cxd5 Nxd5 24. Nxd5 Bxd5 25. Bc4 Qc7 26. Bxd5 Qc5+ 27. Rf2
Rxd5 28. Rxd5 Qxd5 29. Qe7+ Kh6 30. Qf7 Qxe5 31. Qf4+ Qxf4 32. Rxf4 Kg5 33. Re4
Nd6 34. Re7 1-0

[Event "Matthias-Claudius-Gymnasium-Louise Henri"]
[Site "Verden/Aller"]
[Date "2011.05.14"]
[Round "2.2"]
[White "Zehic, Emir"]
[Black "Polakowski, Lukas-Raphael"]
[Result "1-0"]
[WhiteElo "1667"]
[BlackElo "1587"]
[PlyCount "69"]
[EventDate "2011.??.??"]
[WhiteTeam "Matthias-Claudius-Gymnasium"]
[BlackTeam "Louise Henriette Gym Oranienburg"]

1. e4 e6 2. d4 d5 3. Nd2 Nf6 4. e5 Nfd7 5. Ngf3 c5 6. c3 Nc6 7. Bd3 a6 8. O-O
b5 9. Kh1 cxd4 10. cxd4 f6 11. Qe2 fxe5 12. dxe5 Be7 13. Nb3 Qc7 14. Re1 Bb4
15. Bd2 Bb7 16. Rac1 Bxd2 17. Qxd2 O-O-O 18. Nbd4 Rde8 19. Qc2 Ndb8 20. a4 bxa4
21. Nxc6 Qxc6 22. Qd2 Kd7 23. Rxc6 Nxc6 24. Qc2 Rc8 25. Qxa4 Ke7 26. Qh4+ Kd7
27. Qg4 g6 28. Ng5 Nd8 29. Qa4+ Rc6 30. Rc1 Ke7 31. Rxc6 Bxc6 32. Qxa6 h6 33.
Qa7+ Kf8 34. Qc5+ Ke8 35. Bxg6+ 1-0

[Event "Matthias-Claudius-Gymnasium-Louise Henri"]
[Site "Verden/Aller"]
[Date "2011.05.14"]
[Round "2.3"]
[White "Focking, Konstantin"]
[Black "Zehic, Semir"]
[Result "0-1"]
[WhiteElo "1275"]
[BlackElo "1566"]
[PlyCount "114"]
[EventDate "2011.??.??"]
[WhiteTeam "Louise Henriette Gym Oranienburg"]
[BlackTeam "Matthias-Claudius-Gymnasium"]

1. d4 d5 2. c4 e6 3. Nc3 c6 4. Nf3 dxc4 5. e4 b5 6. a4 Bb4 7. Be2 a5 8. O-O
Bxc3 9. bxc3 Ne7 10. axb5 cxb5 11. Ba3 Bb7 12. Qb1 Bc6 13. Ne5 Qc7 14. Bxe7
Kxe7 15. Nxc6+ Qxc6 16. d5 Qc5 17. dxe6 fxe6 18. Bf3 Ra7 19. Ra2 Nc6 20. Rd1
Rd8 21. Rad2 Rad7 22. Rxd7+ Rxd7 23. Rxd7+ Kxd7 24. Qd1+ Qd6 25. Qc1 Ne5 26.
Be2 b4 27. f4 Nd3 28. Qe3 Qc5 29. Qxc5 Nxc5 30. cxb4 axb4 31. Bxc4 b3 32. f5
exf5 33. exf5 b2 34. Ba2 Na4 35. Bb1 Nc3 36. Bd3 b1=Q+ 37. Bxb1 Nxb1 38. Kf2
Kd6 39. Kf3 Ke5 40. g4 Nd2+ 41. Kg3 Nf1+ 42. Kg2 Ne3+ 43. Kf3 Nd5 44. h3 Nf4
45. Kg3 Ne2+ 46. Kf3 Nd4+ 47. Ke3 Nxf5+ 48. gxf5 Kxf5 49. Kf3 Kg5 50. Kg3 h5
51. h4+ Kf5 52. Kf3 g6 53. Kg3 Ke4 54. Kg2 Kf4 55. Kh3 Kf3 56. Kh2 Kg4 57. Kg2
Kxh4 0-1

[Event "Matthias-Claudius-Gymnasium-Louise Henri"]
[Site "Verden/Aller"]
[Date "2011.05.14"]
[Round "2.4"]
[White "Bergmann, Ole Jonathan"]
[Black "Ihde, Sven"]
[Result "1-0"]
[WhiteElo "1245"]
[BlackElo "1142"]
[PlyCount "57"]
[EventDate "2011.??.??"]
[WhiteTeam "Matthias-Claudius-Gymnasium"]
[BlackTeam "Louise Henriette Gym Oranienburg"]

1. e4 c5 2. Nc3 d6 3. d3 g6 4. g3 Bg7 5. Bg2 Nc6 6. f4 e6 7. Nf3 f5 8. O-O Nf6
9. Qe2 O-O 10. Rb1 Ng4 11. h3 Nd4 12. Nxd4 Bxd4+ 13. Kh1 Nh6 14. Nb5 Bg7 15.
Be3 e5 16. Kh2 exf4 17. Bxf4 g5 18. Bxd6 Rf7 19. Bxc5 f4 20. gxf4 gxf4 21. Bf2
Qg5 22. Nc3 f3 23. Bxf3 Be5+ 24. Kh1 Bxh3 25. Rg1 Ng4 26. Bxg4 Qf4 27. Bxh3+
Kh8 28. Bg3 Qh6 29. Bxe5+ 1-0

[Event "St. Johannis Schule-Edith Stein Schule E"]
[Site "Verden/Aller"]
[Date "2011.05.14"]
[Round "2.1"]
[White "Friedt, Marius"]
[Black "Klosa, Kevin"]
[Result "0-1"]
[WhiteElo "1814"]
[BlackElo "1575"]
[PlyCount "69"]
[EventDate "2011.??.??"]
[WhiteTeam "Edith Stein Schule Erfurt"]
[BlackTeam "St. Johannis Schule"]

1. e4 e5 2. Nf3 Nc6 3. Bc4 Bc5 4. c3 Nf6 5. d4 exd4 6. cxd4 Bb4+ 7. Nc3 Nxe4 8.
O-O Bxc3 9. d5 Na5 10. bxc3 Nxc4 11. Re1 Ncd6 12. Nd2 O-O 13. Nxe4 Nxe4 14.
Rxe4 d6 15. Bb2 Bf5 16. Rf4 Qg5 17. Qf3 Bg6 18. h4 Qe5 19. Rb4 Rab8 20. c4 Qe4
21. Qc3 f6 22. Re1 Qxh4 23. Re7 Rf7 24. c5 Qxb4 25. Qxb4 Rxe7 26. cxd6 cxd6 27.
Qxd6 Rbe8 28. Ba3 Bf7 29. f4 Re1+ 30. Kh2 Rd1 31. Qd7 Rxd5 32. Qxb7 Rh5+ 33.
Kg3 Ra5 34. Qb4 Re3+ 35. Kh2 0-1

[Event "St. Johannis Schule-Edith Stein Schule E"]
[Site "Verden/Aller"]
[Date "2011.05.14"]
[Round "2.2"]
[White "von Spee, Franziskus"]
[Black "Lindner, Ferdinand"]
[Result "0-1"]
[WhiteElo "1533"]
[BlackElo "1618"]
[PlyCount "86"]
[EventDate "2011.??.??"]
[WhiteTeam "St. Johannis Schule"]
[BlackTeam "Edith Stein Schule Erfurt"]

1. e4 c5 2. Nf3 Nc6 3. Bc4 g6 4. d4 cxd4 5. Nxd4 Bg7 6. Be3 Nf6 7. Nc3 Qa5 8.
O-O O-O 9. f3 d6 10. Nb3 Qc7 11. Nb5 Qd8 12. N3d4 Nxd4 13. Bxd4 a6 14. Nc3 Bd7
15. Nd5 Nxd5 16. Bxd5 Bxd4+ 17. Qxd4 Qc7 18. c3 Rab8 19. Rad1 Bb5 20. Rf2 Bc6
21. Rfd2 Qa5 22. Qc4 Bd7 23. Qd4 Bc6 24. e5 dxe5 25. Qxe5 e6 26. b4 Qb6+ 27.
Rd4 Bxd5 28. a4 Rbc8 29. Kh1 Qc7 30. Qxc7 Rxc7 31. Rc1 Rfc8 32. Rd3 Bc6 33. a5
Bb5 34. Re3 Rc4 35. Kg1 Rxb4 36. cxb4 Rxc1+ 37. Kf2 Rc2+ 38. Kg3 Bf1 39. Re4
Rxg2+ 40. Kf4 Rxh2 41. Ke5 Re2 42. Rxe2 Bxe2 43. f4 h5 0-1

[Event "St. Johannis Schule-Edith Stein Schule E"]
[Site "Verden/Aller"]
[Date "2011.05.14"]
[Round "2.3"]
[White "Knorre, Jonas"]
[Black "Haniszewski, Patrick"]
[Result "1-0"]
[WhiteElo "1497"]
[BlackElo "1396"]
[PlyCount "35"]
[EventDate "2011.??.??"]
[WhiteTeam "Edith Stein Schule Erfurt"]
[BlackTeam "St. Johannis Schule"]

1. d4 b6 2. Nf3 Bb7 3. e3 e6 4. Bd3 c5 5. b3 cxd4 6. exd4 Nf6 7. O-O Be7 8.
Nbd2 O-O 9. Bb2 Qc7 10. Ng5 h6 11. Ngf3 Ng4 12. Re1 Bb4 13. Ne5 Nxe5 14. Rxe5
Bd6 15. Rh5 a5 16. d5 f6 17. Qg4 Bc5 18. c4 1-0

[Event "St. Johannis Schule-Edith Stein Schule E"]
[Site "Verden/Aller"]
[Date "2011.05.14"]
[Round "2.4"]
[White "Kropp, Jan Ricardo"]
[Black "Bodenstein, Lars"]
[Result "0-1"]
[WhiteElo "1148"]
[BlackElo "1503"]
[PlyCount "91"]
[EventDate "2011.??.??"]
[WhiteTeam "St. Johannis Schule"]
[BlackTeam "Edith Stein Schule Erfurt"]

1. e4 c5 2. Bc4 Nc6 3. Nf3 g6 4. d4 cxd4 5. Nxd4 Bg7 6. Nxc6 bxc6 7. Nc3 Qa5 8.
Bd2 Qb4 9. Bb3 Bxc3 10. Bxc3 Qxe4+ 11. Kf1 Ba6+ 12. Kg1 Nf6 13. h3 O-O 14. Qd2
Qf5 15. Re1 Ne4 16. Qd4 Nxc3 17. bxc3 Rfe8 18. Kh2 c5 19. Qe3 Bb5 20. c4 Bc6
21. Rd1 a5 22. a4 Ra6 23. Rhe1 Bb7 24. c3 Re6 25. Qd2 Rd6 26. Qxd6 exd6 27.
Rxe8+ Kg7 28. Re3 Qf4+ 29. Kg1 Qg5 30. Rg3 Qe5 31. Bc2 Qe2 32. Rb1 Bc6 33. Bd3
Qa2 34. Rb6 Qxa4 35. Re3 Qa1+ 36. Rb1 Qxc3 37. Bxg6 Qxc4 38. Bd3 Qa4 39. Rg3+
Kf8 40. Rb8+ Ke7 41. Re3+ Kf6 42. Bxh7 c4 43. Bg8 c3 44. Rf8 Bd5 45. Rc8 c2 46.
Rf3+ 0-1

[Event "Athenaeum Stade-Justus-Liebig-Schule Dar"]
[Site "Verden/Aller"]
[Date "2011.05.14"]
[Round "3.1"]
[White "Göbel, Constantin"]
[Black "Konow, Philipp"]
[Result "1/2-1/2"]
[WhiteElo "2185"]
[BlackElo "1942"]
[PlyCount "79"]
[EventDate "2011.??.??"]
[WhiteTeam "Justus-Liebig-Schule Darmstadt"]
[BlackTeam "Athenaeum Stade"]

1. e4 c5 2. Nf3 Nc6 3. d4 cxd4 4. Nxd4 Nf6 5. Nc3 e5 6. Ndb5 d6 7. Nd5 Nxd5 8.
exd5 Nb8 9. c4 a6 10. Nc3 Be7 11. Be2 O-O 12. O-O f5 13. f4 Nd7 14. Kh1 Bf6 15.
Qc2 exf4 16. Bxf4 Ne5 17. Be3 Qe7 18. Rae1 Bh4 19. g3 Bf6 20. a3 b5 21. cxb5 g6
22. Bd4 Bb7 23. bxa6 Bxa6 24. Bxa6 Rxa6 25. Ne2 Qb7 26. Nc3 Ra5 27. Qg2 Qb3 28.
Re2 Qc4 29. Rd1 Bg7 30. Bb6 Ra6 31. Bd4 Raa8 32. Red2 f4 33. Rf2 Ng4 34. Rfd2
Ne3 35. Bxe3 fxe3 36. Re2 Bxc3 37. bxc3 Qxc3 38. Rde1 Rxa3 39. Qe4 Ra1 40. Rxe3
1/2-1/2

[Event "Athenaeum Stade-Justus-Liebig-Schule Dar"]
[Site "Verden/Aller"]
[Date "2011.05.14"]
[Round "3.2"]
[White "Carmesin, Matthias"]
[Black "Tran, My Linh"]
[Result "1/2-1/2"]
[WhiteElo "1988"]
[BlackElo "1874"]
[PlyCount "88"]
[EventDate "2011.??.??"]
[WhiteTeam "Athenaeum Stade"]
[BlackTeam "Justus-Liebig-Schule Darmstadt"]

1. Nf3 Nf6 2. g3 d5 3. Bg2 g6 4. O-O Bg7 5. d3 O-O 6. Nbd2 Nbd7 7. e4 dxe4 8.
dxe4 e5 9. Re1 Re8 10. a4 Nf8 11. b3 Bg4 12. Bb2 N6d7 13. h3 Bxf3 14. Bxf3 Ne6
15. Nc4 Nd4 16. Bg2 Nb6 17. Nxb6 axb6 18. Qd3 c5 19. Rad1 Qc7 20. Qc4 Re7 21.
h4 Rd8 22. Bc1 h6 23. Rd3 Red7 24. Bh3 Rd6 25. Kg2 Nxc2 26. Qxc2 Rxd3 27. Be3
Qd6 28. Bg4 Qc6 29. Qc4 R3d6 30. h5 g5 31. a5 bxa5 32. Bxc5 b5 33. Qc1 Rd2 34.
Qa3 a4 35. bxa4 bxa4 36. Qb4 R2d3 37. Be7 Rb3 38. Qa5 Ra8 39. Qd5 Qxd5 40. exd5
Rd3 41. d6 Bf8 42. Rxe5 Rxd6 43. Bxd6 Bxd6 44. Re2 a3 1/2-1/2

[Event "Athenaeum Stade-Justus-Liebig-Schule Dar"]
[Site "Verden/Aller"]
[Date "2011.05.14"]
[Round "3.3"]
[White "Schmalhorst, Sophia"]
[Black "Vöge, Tobias"]
[Result "1-0"]
[WhiteElo "1860"]
[BlackElo "1694"]
[PlyCount "91"]
[EventDate "2011.??.??"]
[WhiteTeam "Justus-Liebig-Schule Darmstadt"]
[BlackTeam "Athenaeum Stade"]

1. e4 c5 2. Nf3 Nc6 3. Nc3 g6 4. d4 cxd4 5. Nxd4 Bg7 6. Be3 d6 7. Qd2 Nf6 8. f3
Bd7 9. O-O-O Rc8 10. g4 a6 11. h4 h5 12. g5 Nh7 13. Nxc6 Rxc6 14. Bd4 O-O 15.
Bxg7 Kxg7 16. Bd3 Qa5 17. Kb1 e6 18. Ne2 Qb6 19. f4 Rfc8 20. e5 d5 21. Rh3 Nf8
22. Qe3 Qc7 23. Rc1 b5 24. Nd4 Rb6 25. Be2 a5 26. Qd2 b4 27. c3 a4 28. c4 dxc4
29. Rxc4 Qb8 30. Rxc8 Qxc8 31. Qc2 Qxc2+ 32. Kxc2 Be8 33. a3 b3+ 34. Kd2 Rb8
35. Rc3 Kg8 36. Ke3 Kg7 37. Ba6 Bd7 38. Rc5 Kg8 39. Bb5 Bxb5 40. Rxb5 Ra8 41.
Rb7 Rc8 42. Rb4 Ra8 43. Nb5 Nd7 44. Nc3 Kf8 45. Rxa4 Rb8 46. Rb4 1-0

[Event "Athenaeum Stade-Justus-Liebig-Schule Dar"]
[Site "Verden/Aller"]
[Date "2011.05.14"]
[Round "3.4"]
[White "Meyer, Christoph"]
[Black "Anders, Eric"]
[Result "1-0"]
[WhiteElo "1722"]
[BlackElo "1709"]
[PlyCount "98"]
[EventDate "2011.??.??"]
[WhiteTeam "Athenaeum Stade"]
[BlackTeam "Justus-Liebig-Schule Darmstadt"]

1. e4 e5 2. d4 exd4 3. Nf3 Nc6 4. c3 d3 5. Bxd3 Bc5 6. O-O d6 7. Bf4 Bg4 8.
Nbd2 Nge7 9. Qc2 Ng6 10. Bg3 O-O 11. Rfe1 Re8 12. h3 Bh5 13. a4 a5 14. Bb5 Re7
15. Red1 Nce5 16. Be2 Qe8 17. Nxe5 Bxe2 18. Nxg6 Bxd1 19. Nxe7+ Qxe7 20. Qxd1
Re8 21. Nb3 Bb6 22. Kf1 f6 23. Nd4 Kh8 24. Qg4 Qf7 25. Qd1 Re7 26. Nf5 Re8 27.
Qd5 Qd7 28. b3 Qc8 29. f3 Qa8 30. Bf2 Bxf2 31. Kxf2 b6 32. Qxa8 Rxa8 33. Ke3
Kg8 34. Ne7+ Kf7 35. Nd5 Rc8 36. b4 axb4 37. cxb4 Ke6 38. Rc1 Kd7 39. a5 b5 40.
Kd4 h6 41. a6 c5+ 42. bxc5 dxc5+ 43. Rxc5 Rxc5 44. Kxc5 b4 45. Nxb4 Kc7 46.
Nd5+ Kb8 47. Kb6 f5 48. a7+ Kc8 49. a8=Q+ Kd7 1-0

[Event "Ohm-Gymnasium Erlangen-Deutsch-französ. "]
[Site "Verden/Aller"]
[Date "2011.05.14"]
[Round "3.1"]
[White "Muheim, Sebastien"]
[Black "Miller, Eduard"]
[Result "1-0"]
[WhiteElo "2099"]
[BlackElo "2156"]
[PlyCount "73"]
[EventDate "2011.??.??"]
[WhiteTeam "Deutsch-französ. Gym. Freiburg"]
[BlackTeam "Ohm-Gymnasium Erlangen"]

1. d4 Nf6 2. c4 g6 3. f3 d5 4. cxd5 Nxd5 5. e4 Nb6 6. Nc3 Bg7 7. Be3 O-O 8. Qd2
Nc6 9. O-O-O f5 10. e5 Nb4 11. Nh3 Be6 12. Kb1 c6 13. Nf4 Qd7 14. h4 a5 15. h5
Kf7 16. g4 fxg4 17. fxg4 N6d5 18. Nxe6 Qxe6 19. Ne4 Ke8 20. Nc5 Qg8 21. Bc4 b6
22. Ne4 b5 23. Bxd5 Qxd5 24. Nc3 Qf3 25. hxg6 hxg6 26. Rh7 Rg8 27. a3 Nd5 28.
Nxd5 Qxd5 29. Qc2 Bf8 30. Rf1 Rc8 31. Bg5 Kd7 32. Rf6 Kc7 33. Rd6 Qc4 34. Qxc4
bxc4 35. Bxe7 Bxe7 36. Rxe7+ Kb6 37. e6 1-0

[Event "Ohm-Gymnasium Erlangen-Deutsch-französ. "]
[Site "Verden/Aller"]
[Date "2011.05.14"]
[Round "3.2"]
[White "Klek, Hanna-Marie"]
[Black "Schell, Felix"]
[Result "1-0"]
[WhiteElo "2136"]
[BlackElo "1723"]
[PlyCount "37"]
[EventDate "2011.??.??"]
[WhiteTeam "Ohm-Gymnasium Erlangen"]
[BlackTeam "Deutsch-französ. Gym. Freiburg"]

1. e4 c5 2. Nf3 d6 3. d4 cxd4 4. Nxd4 Nf6 5. Nc3 a6 6. Be3 e6 7. f3 Be7 8. Qd2
Nbd7 9. O-O-O Qc7 10. g4 h6 11. h4 Ne5 12. Qg2 b5 13. g5 Nh5 14. f4 Ng6 15.
gxh6 gxh6 16. f5 exf5 17. Nd5 Qb7 18. Nxf5 Be6 19. Ndxe7 1-0

[Event "Ohm-Gymnasium Erlangen-Deutsch-französ. "]
[Site "Verden/Aller"]
[Date "2011.05.14"]
[Round "3.3"]
[White "Hansen, Oliver"]
[Black "Tong, Lukas Fabian Chuan"]
[Result "0-1"]
[WhiteElo "1538"]
[BlackElo "1957"]
[PlyCount "68"]
[EventDate "2011.??.??"]
[WhiteTeam "Deutsch-französ. Gym. Freiburg"]
[BlackTeam "Ohm-Gymnasium Erlangen"]

1. e4 e6 2. d4 d5 3. exd5 exd5 4. Nf3 Nf6 5. Be2 Bd6 6. Bg5 O-O 7. O-O Bf5 8.
c3 Nbd7 9. Nh4 Bg6 10. Nd2 c6 11. Nxg6 hxg6 12. Re1 Qc7 13. Nf3 Ne4 14. Bh4
Rae8 15. Bd3 f5 16. Qc2 Ndf6 17. Bxf6 Rxf6 18. Ng5 Bxh2+ 19. Kh1 Bf4 20. Nh3
Rfe6 21. Re2 Bh6 22. g3 g5 23. Kg2 g4 24. Ng1 f4 25. Bxe4 Rxe4 26. Rxe4 Rxe4
27. gxf4 Qxf4 28. Qa4 g3 29. Nh3 Qg4 30. fxg3 Re2+ 31. Nf2 Be3 32. Rf1 Qe4+ 33.
Kg1 Qf3 34. Qxa7 Bxf2+ 0-1

[Event "Ohm-Gymnasium Erlangen-Deutsch-französ. "]
[Site "Verden/Aller"]
[Date "2011.05.14"]
[Round "3.4"]
[White "Zhao, Kevin"]
[Black "Schlaich, Tarek"]
[Result "1-0"]
[WhiteElo "1799"]
[BlackElo "800"]
[PlyCount "39"]
[EventDate "2011.??.??"]
[WhiteTeam "Ohm-Gymnasium Erlangen"]
[BlackTeam "Deutsch-französ. Gym. Freiburg"]

1. e4 e5 2. Nf3 Nc6 3. Bb5 Nf6 4. O-O Bc5 5. c3 O-O 6. d4 Bd6 7. Bg5 Re8 8. Re1
a6 9. Bc4 b5 10. Bd5 Rb8 11. Nbd2 Na5 12. b4 c6 13. dxe5 Bxe5 14. Nxe5 Rxe5 15.
f4 Re8 16. bxa5 cxd5 17. e5 Kh8 18. exf6 gxf6 19. Rxe8+ Qxe8 20. Bxf6+ 1-0

[Event "Humboldtschule Hannover-Robert-Mayer-Gym"]
[Site "Verden/Aller"]
[Date "2011.05.14"]
[Round "3.1"]
[White "Wenninger, Philipp"]
[Black "Petkidis, Anthony"]
[Result "0-1"]
[WhiteElo "2164"]
[BlackElo "2155"]
[PlyCount "129"]
[EventDate "2011.??.??"]
[WhiteTeam "Robert-Mayer-Gym. Heilbronn"]
[BlackTeam "Humboldtschule Hannover"]

1. d4 Nf6 2. c4 c5 3. d5 e6 4. Nc3 exd5 5. cxd5 d6 6. g3 g6 7. Nf3 Bg7 8. Bg2
O-O 9. O-O Re8 10. Nd2 a6 11. a4 Nbd7 12. h3 Rb8 13. Nc4 Nb6 14. Na3 Bd7 15. e4
Nc8 16. a5 Qxa5 17. f4 Qc7 18. e5 dxe5 19. fxe5 Rxe5 20. Nc4 Nh5 21. d6 Qd8 22.
Nxe5 Bxe5 23. Ne4 Bd4+ 24. Kh1 Bc6 25. Qb3 Nxd6 26. Nxd6 Qxd6 27. Qxf7+ Kh8 28.
Bf4 Nxg3+ 29. Kh2 Nxf1+ 30. Rxf1 Be5 31. Kg1 Bxg2 32. Kxg2 Bxf4 33. Rxf4 Rd8
34. Rf2 Qd5+ 35. Qxd5 Rxd5 36. Rf7 Rd2+ 37. Kg3 Rxb2 38. Rc7 b6 39. Kf4 Kg8 40.
Ke5 a5 41. Rb7 a4 42. Kf6 Rf2+ 43. Kg5 Rf5+ 44. Kg4 a3 45. Rxb6 c4 46. Ra6 c3
47. Rxa3 Rc5 48. Ra1 c2 49. Rc1 Kg7 50. h4 Kh6 51. Kg3 Kh5 52. Kh3 Rc3+ 53. Kg2
Kxh4 54. Kf2 h5 55. Ke2 Rc8 56. Kf3 Kg5 57. Ke3 h4 58. Kd2 Rd8+ 59. Ke2 Rc8 60.
Kd2 h3 61. Rg1+ Kh4 62. Rc1 g5 63. Ke2 g4 64. Kf2 g3+ 65. Kg1 0-1

[Event "Humboldtschule Hannover-Robert-Mayer-Gym"]
[Site "Verden/Aller"]
[Date "2011.05.14"]
[Round "3.3"]
[White "Samietz, Jannick"]
[Black "Traulsen, Timo"]
[Result "0-1"]
[WhiteElo "1412"]
[BlackElo "1587"]
[PlyCount "112"]
[EventDate "2011.??.??"]
[WhiteTeam "Robert-Mayer-Gym. Heilbronn"]
[BlackTeam "Humboldtschule Hannover"]

1. Nf3 c5 2. e4 Nc6 3. d4 cxd4 4. Nxd4 Qb6 5. c3 Nf6 6. Nxc6 dxc6 7. Bd3 Bg4 8.
Qc2 e6 9. Be3 Bc5 10. Bxc5 Qxc5 11. Nd2 O-O 12. f3 Qe3+ 13. Be2 Bh5 14. Nc4 Qg5
15. O-O Bg6 16. Bd3 Rad8 17. b4 Nh5 18. Rad1 Nf4 19. Nb2 Rd7 20. g3 Rfd8 21.
Rfe1 Bh5 22. Be2 Nxe2+ 23. Qxe2 Rd2 24. Qf1 Rxb2 25. Rxd8+ Qxd8 26. Rd1 Rd2 27.
Rxd2 Qxd2 28. g4 Bg6 29. c4 Qxb4 30. Qd3 Qe7 31. c5 Qxc5+ 32. Kg2 Qd5 33. exd5
Bxd3 34. dxc6 bxc6 35. Kf2 Kf8 36. Ke3 Bc4 37. a3 Ke7 38. Kd4 Bd5 39. f4 Kd6
40. h4 c5+ 41. Kd3 e5 42. fxe5+ Kxe5 43. Ke3 c4 44. Kd2 Kd4 45. Kc2 c3 46. g5
f5 47. g6 hxg6 48. h5 Bf3 49. Kc1 gxh5 50. a4 h4 51. a5 h3 52. a6 h2 53. Kb1
h1=Q+ 54. Ka2 Bd5+ 55. Ka3 Qa1+ 56. Kb4 Qxa6 0-1

[Event "Humboldtschule Hannover-Robert-Mayer-Gym"]
[Site "Verden/Aller"]
[Date "2011.05.14"]
[Round "3.4"]
[White "Lebek, Ricarda"]
[Black "Paul, Moritz"]
[Result "1-0"]
[WhiteElo "1732"]
[BlackElo "924"]
[PlyCount "23"]
[EventDate "2011.??.??"]
[WhiteTeam "Humboldtschule Hannover"]
[BlackTeam "Robert-Mayer-Gym. Heilbronn"]

1. e4 e5 2. Nf3 Nc6 3. Nc3 Bb4 4. Bc4 Nf6 5. d3 d5 6. exd5 Nxd5 7. Bd2 Nxc3 8.
bxc3 Bc5 9. Rb1 Bg4 10. h3 Bxf3 11. Qxf3 Rb8 12. Qxf7# 1-0